000 01034nam a22003130a 4500
001 PT4600
003 AR-LpoUNG
005 20210131231859.0
008 191001s2000||||sp |||||||||||||||||spa d
020 _a8478270507
_c$6.55
040 _aAR-LpoUNG
_bspa
_cAR-LpoUNG
_eaacr
041 _aspa
044 _asp
082 0 _a410 212rep
100 1 _aCassany, Daniel
245 1 0 _aReparar la escritura :
_bdidáctica de la corrección de lo escrito
250 _a7ª ed.
260 _aBarcelona :
_bGraó,
_cenero del 2000.
300 _a129 p. :
_bgráfs.
520 _aReparar la escritura es una reflexión exhaustiva y práctica sobre esta tarea, con propuestas didácticas, ejemplos y comentarios. Pretende ayudar a maestros y alumnos a encontrar utilidad y satisfacción en la corrección
650 4 _aAUTOAPRENDIZAJE
650 4 _aDOCENTES
650 4 _aENSEÑANZA
650 4 _aESCRITURA
650 4 _aMETODOS PEDAGOGICOS
651 4 _aDOCUMENTOS TEORICOS O METODOLOGICOS
905 _a4600
942 _cLIB
999 _c12383
_d12383